El incrédulo sin escvsa (Record no. 8441)

MARC details
000 -CABECERA
campo de control de longitud fija 01643nam a2200289 a 4500
001 - NÚMERO DE CONTROL
campo de control BRCA_8790
005 - FECHA Y HORA DE LA ÚLTIMA TRANSACCIÓN
campo de control 20190320210419.0
008 - DATOS DE LONGITUD FIJA--INFORMACIÓN GENERAL
campo de control de longitud fija 180417s1696----sp-#######---#000-0#spa-#
041 ## - CÓDIGO DE LENGUA
Código de lengua del texto/banda sonora o título independiente spa
044 ## - CÓDIGO DEL PAÍS DE LA ENTIDAD EDITORA/PRODUCTORA
Código MARC del país sp
084 ## - OTRO NÚMERO DE CLASIFICACIÓN
Número de clasificación BE169
Número de documento/Ítem .S46 1696
100 1# - ENTRADA PRINCIPAL--NOMBRE DE PERSONA
Nombre de persona Señeri, Pablo
Fechas asociadas al nombre 1624 - 1694
9 (RLIN) 21265
245 10 - MENCIÓN DE TÍTULO
Título El incrédulo sin escvsa
Mención de responsabilidad, etc. obra del Rmo. P. Pablo Señeri... en que se demvestra que no puede dexar de concer, qual es la verdadera religión, quien quiera conocerla, tradvcida de la lengva toscana à la castellana por D. Juan de Espinola, Baeza, Echaburu; parte primera.
260 ## - PUBLICACIÓN, DISTRIBUCIÓN, ETC.
Lugar de publicación, distribución, etc. Madrid
Nombre del editor, distribuidor, etc. Por Juan Garcia Infanzón
Fecha de publicación, distribución, etc. 1696
300 ## - DESCRIPCIÓN FÍSICA
Extensión [32], [6], 336 p. (t.1)
Dimensiones 20.7 x 15 cm.
500 ## - NOTA GENERAL
Nota general Con privilegio
500 ## - NOTA GENERAL
Nota general En portada: Los índices de las dos partes se han de poner al fin de la segunda
500 ## - NOTA GENERAL
Nota general Estado físico: presenta encuadernación en pergamino con cintas rotas y algunas hojas manchadas
500 ## - NOTA GENERAL
Nota general Con marca de fuego: “Procedencia de la marca: Colegio de la Santa Cruz de Querétaro(1). Institución: Congregación de Propaganda Fide. Descripción: Cruz franqueada por las letras iniciales C[olegio] Q[uerétaro], enmarcadas por un círculo. Ubicación de la marca en el libro: Canto superior”
650 14 - PUNTO DE ACCESO ADICIONAL DE MATERIA--TÉRMINO DE MATERIA
Término de materia o nombre geográfico como elemento de entrada Teología pastoral
Subdivisión cronológica S.XVII
9 (RLIN) 21913
650 14 - PUNTO DE ACCESO ADICIONAL DE MATERIA--TÉRMINO DE MATERIA
Término de materia o nombre geográfico como elemento de entrada Apologética
Subdivisión general Historia
Subdivisión cronológica S. XVII
9 (RLIN) 21914
700 1# - PUNTO DE ACCESO ADICIONAL--NOMBRE DE PERSONA
Nombre de persona Espínola Baeza Echaburu, Juan de
Término indicativo de función/relación tr.
9 (RLIN) 21915
700 1# - PUNTO DE ACCESO ADICIONAL--NOMBRE DE PERSONA
Nombre de persona García Infanzón, Juan
Término indicativo de función/relación Impresor
9 (RLIN) 21916
856 ## - LOCALIZACIÓN Y ACCESO ELECTRÓNICOS
Nombre del host http://www.marcasdefuego.buap.mx:8180/xmLibris/projects/firebrand/item.jsp?repository=marcas_de_fuego&key=7f442198.xml&num=29
902 ## - CATALOGADOR
Iniciales CFM
942 ## - ELEMENTOS DE PUNTO DE ACCESO ADICIONAL (KOHA)
Fuente del sistema de clasificación o colocación Library of Congress Classification
Tipo de ítem Koha Libros
Holdings
Estado de retiro Estado de pérdida Estado dañado No para préstamo Localización permanente Ubicación/localización actual Fecha de adquisición Total de préstamos Signatura topográfica completa Código de barras Fecha visto por última vez Precio válido a partir de Tipo de ítem Koha
El ejemplar forma parte de la colección y puede ser consultado según las políticas vigentes.       Biblioteca del Museo Franz Mayer (Rogerio Casas-Alatriste) Biblioteca del Museo Franz Mayer (Rogerio Casas-Alatriste) 18/04/2017   BE169 .S46 1696 CFM00117 22/03/2019 22/03/2019 Libros